000
00316nam a22001457a 4500
008
221024b ||||| |||| 00| 0 eng d
020
_a
639785300250
041
_a
eng
080
_a
004
082
_a
004 SCHA
100
_a
19.2
101
_a
SHK
245
_a
BEGINNING STATISTICS
_c
STEPHENS L
942
_2
udc
_c
BK
999
_c
58659
_d
58659